<?xml version="1.0" encoding="UTF-8"?>
<marc:record xmlns:marc="http://www.loc.gov/MARC21/slim">
   <marc:leader>00000nam a2200000 a 4500</marc:leader>
   <marc:datafield ind1="1" ind2=" " tag="100">
      <marc:subfield code="a">Brockmöller, Katrin</marc:subfield>
   </marc:datafield>
   <marc:datafield ind1=" " ind2=" " tag="653">
      <marc:subfield code="a">f||?Aufsatzsammlung</marc:subfield>
   </marc:datafield>
   <marc:datafield ind1=" " ind2=" " tag="653">
      <marc:subfield code="a">t||?Apostelgeschichte</marc:subfield>
   </marc:datafield>
   <marc:datafield ind1="0" ind2="0" tag="245">
      <marc:subfield code="a">Apostelgeschichte lesen!</marc:subfield>
   </marc:datafield>
   <marc:datafield ind1="0" ind2="0" tag="245">
      <marc:subfield code="b">Die Anfänge des Christentums : Konflikte und Kompromisse in der frühen Kirche : über die eigenen kulturellen Grenzen hinaus</marc:subfield>
   </marc:datafield>
   <marc:datafield ind1="0" ind2="0" tag="245">
      <marc:subfield code="c">Schriftleitung: Direktorin Dr. Katrin Brockmöller</marc:subfield>
   </marc:datafield>
   <marc:datafield ind1=" " ind2="1" tag="264">
      <marc:subfield code="a">Stuttgart</marc:subfield>
      <marc:subfield code="b">Verlag Katholisches Bibelwerk</marc:subfield>
      <marc:subfield code="c">2015</marc:subfield>
   </marc:datafield>
   <marc:datafield ind1="1" ind2=" " tag="520">
      <marc:subfield code="a">Inhalt: Markus Lau, Alte Welt und neuer Weg : Eine kurze Einführung in die Apostelgeschichte; Anneliese Hecht, Was die Kirche antreibt ... : Der Heilige Geist als Lebens- und Führungsprinzip; Markus Lau, Streit gehört dazu : Das sogenannte &#x84;Apostelkonzil&#x93;; Ivoni Richter, "Wir sind von seiner Art" : Das Evangelium in fremde Kulturen übersetzen; Markus Lau / Dieter Bauer, Eine Kathedrale aus Buchstaben : Gliederung der Apostelgeschichte; Katrin Brockmöller, "Verstehst du auch, was du liest?" : Wie sich Lukas den Umgang mit der Schrift vorstellt; Susanne Luther, Wie historisch ist die "Apostelgeschichte" : Gespräch mit einer Neutestamentlerin; Michel Bollag, Schawuot : Die Bedeutung des Pfingstfestes im Judentum; Walter Achermann, Aufrecht vor Gott stehen ; Das besondere Bild: Orante, Fresko (3. Jahrhundert) Priscilla-Katakombe, Rom; Christina Mönkehues, Let&#x92;s talk about Luke : Mit der Apostelgeschichte Türen öffnen.</marc:subfield>
   </marc:datafield>
   <marc:datafield ind1=" " ind2=" " tag="020">
      <marc:subfield code="a">9783944766270</marc:subfield>
      <marc:subfield code="9">9783944766270</marc:subfield>
   </marc:datafield>
   <marc:datafield ind1=" " ind2=" " tag="022">
      <marc:subfield code="a">00060593</marc:subfield>
   </marc:datafield>
   <marc:datafield ind1=" " ind2=" " tag="041">
      <marc:subfield code="a">ger</marc:subfield>
   </marc:datafield>
   <marc:datafield ind1="0" ind2=" " tag="490">
      <marc:subfield code="v">202</marc:subfield>
   </marc:datafield>
   <marc:datafield ind1=" " ind2=" " tag="300">
      <marc:subfield code="a">IV, 31 Seiten, Illustrationen</marc:subfield>
   </marc:datafield>
</marc:record>
